Countries Closest to Jerusalem - Statistics

General Stats
  • This quiz has been taken 139 times
  • The average score is 19 of 20
Answer Stats
Distance (km) Distance (mi) Country % Correct
109 68 Egypt
99%
362 225 Iraq
99%
29 18 Jordan
99%
142 88 Lebanon
99%
455 283 Turkey
99%
982 610 Iran
98%
114 (108)* 70 (67)* Syria
98%
0* 0* Israel
96%
0* 0* Palestine
96%
170 106 Saudi Arabia
96%
368 229 Cyprus
94%
811 504 Greece
93%
1,195 743 Armenia
91%
1,219 757 Azerbaijan
91%
1.219 757 Georgia
91%
956 594 Libya
90%
1,126 700 Kuwait
88%
1,301 808 Bulgaria
84%
1,083 (957)* 673 (595)* Sudan
81%
371 231 United Kingdom / Akrotiri / Dhekelia
79%
No matching quizzes found
Score Distribution
Percent of People with Each Score
Percentile by Number Answered
Your Score History
You have not taken this quiz